000 00906aam a2200313 i 4500
999 _c45849
_d45849
001 768714001
003 CO-MdFUSB
005 20201028082701.0
007 ta
008 200514t1996 enk |||| |||| 00| 0 eng d
020 _a0571176941
040 _bspa.
_aCO-MdFUSB
_cCO-MdFUSB
_dCO-MdFUSBC
_erda
041 _aeng
082 _223
_a215
_bS789
100 1 _aStannard, Russell
_eautor
245 1 0 _aScience and wonders
_c/ Russell Stannard
264 1 _aLondres :
_b Faber and Faber,
_c[1996]
264 4 _c© 1996
300 _axv, 208 páginas
_c; 22 cm
336 _atexto
_btxt
_2rdacontent
337 _2rdamedia
_asin mediación
_bn
338 _2rdacarrier
_avolumen
_bnc
505 _aEl cosmos - Vida - La mente - ¿Espacio para Dios? - Ciencia y religión
563 _aRústico
650 7 _9259
_aReligión y ciencia
942 _cBK
945 _aJTF-925